Templo y contemplación (Record no. 66704)

MARC details
000 -LEADER
campo de control de longitud fija 00891nam a2200289 i 4500
001 - NÚMERO DE CONTROL
campo de control 66704
003 - IDENTIFICADOR DE NÚMERO DE CONTROL
campo de control ES-MaACL
005 - FECHA Y HORA DE LA ÚLTIMA TRANSACCIÓN
campo de control 20250813063735.0
007 - CAMPO FIJO DE DESCRIPCIÓN FÍSICA--INFORMACIÓN GENERAL
campo de control de longitud fija t|
008 - DATOS DE LONGITUD FIJA--INFORMACIÓN GENERAL
campo de control de longitud fija 030416s2003 sp ||||0| spa d
020 ## - NÚMERO INTERNACIONAL ESTÁNDAR DEL LIBRO
Número Internacional Estándar del Libro 84-8164-590-7
040 ## - FUENTE DE CATALOGACIÓN
Centro catalogador/agencia de origen M-BN
Lengua de catalogación spa
Centro/agencia transcriptor M-BN
080 ## - NÚMERO DE LA CLASIFICACIÓN DECIMAL UNIVERSAL
Número de la Clasificación Decimal Universal 297(55)
100 1# - ENTRADA PRINCIPAL--NOMBRE DE PERSONA
Nombre de persona Corbin, Henry.
9 (RLIN) 40471
245 10 - MENCIÓN DEL TÍTULO
Título Templo y contemplación
Resto del título : ensayos sobre el Islam iranio /
Mención de responsabilidad, etc. Henry Corbin ; traducción de María Tabuyo y Agustín López.
260 ## - PUBLICACIÓN, DISTRIBUCIÓN, ETC.
Lugar de publicación, distribución, etc. Madrid :
Nombre del editor, distribuidor, etc. Trotta,
Fecha de publicación, distribución, etc. [2003]
300 ## - DESCRIPCIÓN FÍSICA
Extensión 402 p. ;
Dimensiones 23 cm.
490 1# - MENCIÓN DE SERIE
Mención de serie Colección Paradigmas ;
Designación de volumen o secuencia 32
500 ## - NOTA GENERAL
Nota general Indice.
650 14 - PUNTO DE ACCESO ADICIONAL DE MATERIA--TÉRMINO DE MATERIA
Término de materia o nombre geográfico como elemento de entrada Islamismo-
Subdivisión geográfica Irán.
9 (RLIN) 13910
700 1# - ENTRADA AGREGADA--NOMBRE PERSONAL
Nombre de persona Tabuyo, María
9 (RLIN) 109044
700 1# - ENTRADA AGREGADA--NOMBRE PERSONAL
Nombre de persona López, Agustín
9 (RLIN) 73297
830 0# - PUNTO DE ACCESO ADICIONAL DE SERIE-TÍTULO UNIFORME
Título uniforme Colección Paradigmas ;
Designación de volumen o secuencia 32
9 (RLIN) 180595
852 ## - LOCALIZACIÓN
Ubicación ES-MaACL
Número de control de estantería L-27222
Sublocalización o colección R.132861
Holdings
Estatus retirado Estado de pérdida Estado de daño No para préstamo Biblioteca de origen Biblioteca actual Ubicación en estantería Fecha de adquisición Fuente de adquisición Total de préstamos Signatura topográfica completa Código de barras Visto por última vez Precio de reemplazo Tipo de ítem Koha
        Biblioteca del Ateneo de Madrid Biblioteca del Ateneo de Madrid Depósito 2 17/01/2008     L-27222 1069870 23/02/2023 23/02/2023 Libro impreso